| 000 | 00778nam a22002177a 4500 | ||
|---|---|---|---|
| 999 |
_c19944 _d19944 |
||
| 003 | AR-CdUCM | ||
| 008 | 190319b ||||| |||| 00| 0 eng d | ||
| 040 |
_aMUNICIPALIDAD PROVINCIAL DEL CUSCO _cBIBLIOTECA MUNICIPAL DEL CUSCO |
||
| 082 |
_a581.6 / _bH54 |
||
| 100 |
_aHill, Albert F. _941711 |
||
| 245 |
_aBotanica economica : _bPlantas útiles y productos vegetales / |
||
| 260 |
_aBarcelona : _bOmega, _c1965. |
||
| 300 |
_a616 páginas ; _bfiguras, Imagenes, _c25 cm. |
||
| 500 | _a. | ||
| 505 | _aContenido: Fibras y plantas fibrosas -- Productos forestales madera y corcho -- Recursos forestales... | ||
| 650 |
_aImportancia económica _941712 |
||
| 650 |
_aProductos vegetales _941713 |
||
| 650 |
_aIndustria de plantas _941714 |
||
| 942 |
_2ddc _cLIBROS |
||
| 945 | _arcc | ||